1437 1387 1656 1666 1851 1447 1231 1584 1172 1765 1964 1056 1729 1234 1173 1787 1338 1195 1696 1801 1582 1253 1730 1253 1249 1010 1841 1100 1463 1118 1042 1246 1078 1374 1303 1320 1422 1699 1411 1053 1970 1875 1130 1379 1310 1230 1402 1733 1918 1255 1282 1105 1150 1856 1756 1222 1973 1535 1071 1697 1412 1734 1403 1296 1574 1541 1127 1560 1451 1840 1325 1933 1158 1401 1381 1612 1025 1608 1813 1748 1455 1242 1936 1861 1218 1594 1762 1840 1994 1150 1339 1167 1107 1792 1679 1306 1829 1716 1351 BCNSPRNW ULIB Ver.6.0+V

เปลี่ยนเป็นภาษาไทย

Change to English
 แสดงรายละเอียดบรรณานุกรม
  กลับหน้าหลัก

Brief Record : Get Marc (ISO 2709) : E-mail record : QR code < ปิดหน้าต่าง
LEADER : 00000nam 2200000uu 4500
001    13399115241
003     ULIB
008    120806s2551||||th 000 0 tha d
020    ^a9789749901328
060 04 ^aWD300^bพ693ร 2551
100 0  ^aพิพัฒน์ ชูวรเวช
245 10 ^aรู้ทันอันตรายโรคภูมิแพ้ ป้องกันได้ รักษาหาย ด้วยตนเอง/^cพิพัฒน์ ชูวรเวช,นพมาศ ชูวรเวช
250    ^aพิมพ์ครั้งที่ 2
260    ^aนนทบุรี :^bสนุกอ่าน,^c2551
300    ^a269 หน้า :^bภาพประกอบ
650  7 ^aภูมิแพ้
700 0  ^aนพมาศ ชูวรเวช
945    ^p185^l0^i15339
945    ^p185^l0^i15338
995    ^aกัณชพร
999    ^aใช้งานได้ทุกระบบ
รายการนี้ยังไม่มีแท็ก
คุณยังไม่ได้ล็อกอิน คุณสามารถมีกิจกรรมร่วมกับเว็บไซต์ได้ แต่ต้องล็อกอินก่อน ::
  ล็อกอิน

รายการสื่อสารสนเทศ

ลำดับที่ ประเภท เลขเรียก/บาร์โค้ด สถานที่ สถานะ
1. วิทยาศาสตร์การแพทย์ และสุขภาพ
วิทยาศาสตร์การแพทย์ และสุขภาพ
WD300 พ693ร 2551  
  Barcode: 15339
ห้องสมุดวิทยาเขตสวรรค์ประชารักษ์
►ส่วนจัดเก็บหนังสือเก่า สปร
บนชั้น
  ขอยืม
2. วิทยาศาสตร์การแพทย์ และสุขภาพ
วิทยาศาสตร์การแพทย์ และสุขภาพ
WD300 พ693ร 2551 ฉ.2 
  Barcode: 15338
ห้องสมุดวิทยาเขตสวรรค์ประชารักษ์
►ส่วนจัดเก็บหนังสือเก่า สปร
บนชั้น
  ขอยืม

รายการใกล้เคียง
    ผู้แต่ง [พิพัฒน์ ชูวรเวช]

    หัวเรื่อง [ภูมิแพ้]

BibComment


ยังไม่เคยถูกคอมเมนท์

คอมเมนท์ทรัพยากรรายการนี้
  คอมเมนท์: รู้ทันอันตรายโรค..


 Copyright 2026. Bcnsprnw @Library